000 01030nam a2200277 i 4500
001 146393
003 ES-MaACL
005 20230906201522.0
007 t|
008 070907s1982 sp ||||1| spa d
020 _a84-7196-398-1
080 _a336.1.078.3(460)
110 1 _aEspaña.
_bTribunal de Cuentas.
_94002
245 1 3 _aEl Tribunal de Cuentas en España /
_cAntonio Agúndez Fernández ... [et al.] ; presentación, José Luis Gómez-Dégano.
260 _aMadrid :
_bInstituto de Estudios Fiscales,
_c[1982]
300 _a2 v. ;
_c24 cm.
490 1 _aEstudios jurídicos ;
_v7
594 _aPrecede al tít.: Dirección General de lo Contencioso del Estado.
610 1 _aEspaña.
_bTribunal de Cuentas.
_94002
700 1 _aAgúndez Fernández, Antonio.
_918905
700 1 _aGómez-Dégano y Ceballos-Zúñiga, José Luis.
_957927
710 1 _aInstituto de Estudios Fiscales (España)
_9169207
830 1 _aEstudios jurídicos ;
_v7
_9183446
852 _aES-MaACL
_jL-3588-89
999 _c146393
_d146393